=LDR 00000nam 2200000 4500 =001 INLIS000000000012773 =005 20130612104248 =008 ***********************************Ind** =035 ##$$0010-061300000012773 =041 ##$$a Ind =082 ##$$a 612.68 =090 ##$$a 612.68, Cha t =100 ##$$a Chopia, Deepak =245 ##$$a Tubuh yang tak kenal tua, Pikiran abadi, Alternatif untuk menjalani kehidupan, Deepak Chopra, M.D =260 ##$$a 96 $b Jakarta =300 ##$$a 377 hlm. 22 cm =650 ##$$a Usia panjang-Terapi =850 ##$$a NBPNMAT